000
00339nam a2200145Ia 4500
008
150201s2009 xx 000 0 und d
082
_a
617
_b
R09G
100
_a
GUPTA, R.L.
245
_a
RECENT ADVANCES IN SURGERY
250
_a
1ST
260
_b
JAYPEE BROTHERS
_a
DELHI
_c
2009
300
_a
1-326
650
_a
SURGERY
942
_2
ddc
_c
BK
_0
1
999
_c
154
_d
154